Normal view
MARC view
- Developing countries
Entry Geographic Name
001 - CONTROL NUMBER
- control field: 109432
003 - CONTROL NUMBER IDENTIFIER
- control field: NUST
005 - DATE AND TIME OF LATEST TRANSACTION
- control field: 20230222100817.0
008 - FIXED-LENGTH DATA ELEMENTS
- fixed length control field: 230222|| aca||aabn | a|a d
040 ## - CATALOGING SOURCE
- Original cataloging agency: NUST
- Transcribing agency: NUST
151 ## - HEADING--GEOGRAPHIC NAME
- Geographic name: Developing countries
- General subdivision: Armed Forces
- General subdivision: Weapons systems
670 ## - SOURCE DATA FOUND
- Source citation: Work cat.: (NUST)184678: Burrows, William E., 109428, Critical mass :, c1994.
